| 000 | 00753nam a22002171i 4500 | ||
|---|---|---|---|
| 003 | IT-RoINE | ||
| 005 | 20190131092304.0 | ||
| 008 | 920725s1957 sp r |dspa d | ||
| 100 | 1 |
_aMalón de Chaide, Pedro, _916519 _d1530-1589 |
|
| 245 | 1 | 3 |
_aLa conversión de la Magdalena / _cMalón de Chaide ; prólogo y notas del P. Félix García, agustino. |
| 250 | _a3ª ed. | ||
| 260 |
_aMadrid : _bEspasa-Calpe, _c1957. |
||
| 300 |
_a3 v. ; _c19 cm. |
||
| 336 |
_2rdacontent _atext |
||
| 337 |
_2rdamedia _aunmediated |
||
| 338 |
_2rdacarrier _avolume |
||
| 490 | 1 |
_aClásicos castellanos ; _v104-105 y 130 |
|
| 700 | 1 |
_91744 _aGarcía, Félix, _cO.S.A., _d1897-1983 |
|
| 830 | 0 |
_aClásicos castellanos (Espasa-Calpe) _v104-105 y 130 _922520 |
|
| 942 | _cMTS | ||
| 999 |
_c10986 _d10986 |
||